[Event "Paul Keres mem 46th"]
[Site "Richmond CAN"]
[Date "2022.05.21"]
[Round "2.7"]
[White "Albitar, Hani"]
[Black "Yang, Jingyun (Ryan)"]
[Result "0-1"]
[WhiteElo "2192"]
[BlackElo "1951"]
[PlyCount "60"]
[EventDate "2022.05.21"]
[EventType "swiss"]
[EventRounds "6"]
[EventCountry "CAN"]

1. d4 Nf6 2. c4 g6 3. f3 d5 4. cxd5 Nxd5 5. e4 Nb6 6. Nc3 Bg7 7. Be3 O-O 8. Qd2
Nc6 9. O-O-O e5 10. d5 Nd4 11. f4 Bg4 12. Re1 c5 13. fxe5 Bxe5 14. h3 Qh4 15.
Bd3 f5 16. Bg5 Qh5 17. hxg4 Qxh1 18. exf5 Bg3 19. Rf1 gxf5 20. Nh3 Qh2 21. gxf5
Be5 22. Bh4 Kh8 23. f6 Nd7 24. Qh6 Rf7 25. Ng5 Bf4+ 26. Kb1 Bxg5 27. Qxg5 Rg8
28. Qh5 Ne5 29. Be4 Rg4 30. Qxe5 Qxe5 0-1

[Event "Paul Keres mem 46th"]
[Site "Richmond CAN"]
[Date "2022.05.21"]
[Round "2.8"]
[White "Jiang, Brandon"]
[Black "Jose, Marionito"]
[Result "1-0"]
[WhiteElo "2159"]
[BlackElo "1702"]
[PlyCount "55"]
[EventDate "2022.05.21"]
[EventType "swiss"]
[EventRounds "6"]
[EventCountry "CAN"]

1. e4 c5 2. Nf3 g6 3. d3 Nc6 4. g3 Bg7 5. Bg2 d6 6. O-O e5 7. c3 Nge7 8. Nbd2
O-O 9. Ne1 Be6 10. f4 Qd7 11. Nef3 h6 12. Nh4 Kh7 13. f5 gxf5 14. exf5 Nxf5 15.
Nxf5 Bxf5 16. Rxf5 Ne7 17. Rf1 f5 18. Nf3 Rf7 19. Nh4 Raf8 20. Qh5 f4 21. Be4+
Kg8 22. gxf4 exf4 23. Bd2 d5 24. Bg2 d4 25. c4 Nf5 26. Bd5 Ne3 27. Bxe3 dxe3
28. Rxf4 1-0

[Event "Paul Keres mem 46th"]
[Site "Richmond CAN"]
[Date "2022.05.21"]
[Round "2.9"]
[White "Wang, Jerry"]
[Black "Su, Ethan"]
[Result "1/2-1/2"]
[WhiteElo "1948"]
[BlackElo "1939"]
[PlyCount "76"]
[EventDate "2022.05.21"]
[EventType "swiss"]
[EventRounds "6"]
[EventCountry "CAN"]

1. c4 e6 2. g3 d5 3. cxd5 exd5 4. d4 Nf6 5. Bg2 Bf5 6. Nc3 c6 7. Nf3 Nbd7 8.
O-O Bd6 9. Re1 O-O 10. Nh4 Bg6 11. Nxg6 fxg6 12. e4 dxe4 13. Qb3+ Rf7 14. Bh3
Nf8 15. Bg5 Qc7 16. Bxf6 gxf6 17. Nxe4 Kg7 18. Rad1 Be7 19. Qc3 Qb6 20. a3 Rd8
21. b4 f5 22. Nc5 Bf6 23. Qc4 Qc7 24. Bg2 b5 25. Qc3 Qd6 26. Nb3 Ne6 27. Qxc6
Nxd4 28. Nxd4 Bxd4 29. Qxb5 Qb6 30. Qxb6 axb6 31. Bc6 Rc7 32. b5 Ra7 33. Kg2
Rxa3 34. f3 Ra4 35. Re7+ Kh6 36. Rde1 Bc5 37. R7e2 Rad4 38. Kh3 Rd2 1/2-1/2

[Event "Paul Keres mem 46th"]
[Site "Richmond CAN"]
[Date "2022.05.21"]
[Round "2.10"]
[White "Wu, Charles"]
[Black "Huang, Patrick"]
[Result "0-1"]
[WhiteElo "1819"]
[BlackElo "2221"]
[PlyCount "68"]
[EventDate "2022.05.21"]
[EventType "swiss"]
[EventRounds "6"]
[EventCountry "CAN"]

1. d4 Nf6 2. Bf4 d5 3. e3 c5 4. dxc5 e6 5. b4 a5 6. c3 Nc6 7. Bb5 Bd7 8. Bxc6
Bxc6 9. Nf3 axb4 10. cxb4 b6 11. Ne5 Ba4 12. Qc1 bxc5 13. Nc3 c4 14. Rb1 Bd7
15. O-O Be7 16. Rd1 O-O 17. h3 Qc8 18. Nxd7 Qxd7 19. Qc2 Ra3 20. b5 Rfa8 21. g4
h6 22. Qd2 Qb7 23. Qd4 Nd7 24. Qd2 Nc5 25. e4 Nd3 26. Be3 Bf6 27. g5 Bxc3 28.
Qe2 Rxa2 29. Qh5 g6 30. Qxh6 Bg7 31. Qh4 d4 32. Bf4 Qxe4 33. Rxd3 Qxd3 34. Rc1
Ra1 0-1

[Event "Paul Keres mem 46th"]
[Site "Richmond CAN"]
[Date "2022.05.21"]
[Round "2.11"]
[White "Amirsalar, Javidfard"]
[Black "Song, Ethan"]
[Result "0-1"]
[WhiteElo "2244"]
[BlackElo "2012"]
[PlyCount "70"]
[EventDate "2022.05.21"]
[EventType "swiss"]
[EventRounds "6"]
[EventCountry "CAN"]

1. d4 Nf6 2. c4 e6 3. Nf3 d5 4. g3 Bb4+ 5. Bd2 Bxd2+ 6. Nbxd2 O-O 7. Bg2 b6 8.
O-O Bb7 9. b4 a5 10. b5 Nbd7 11. Qc2 c5 12. bxc6 Bxc6 13. cxd5 Bxd5 14. e4 Rc8
15. Qb1 Bb7 16. h4 h6 17. a4 Nb8 18. Ra3 Nc6 19. e5 Ne8 20. Rd1 Nb4 21. g4 Nd5
22. g5 Nc3 23. Rxc3 Rxc3 24. gxh6 Bxf3 25. hxg7 Nxg7 26. Nxf3 Rxf3 27. Bxf3
Qxh4 28. Qxb6 Nf5 29. Bg2 Qg4 30. Rd3 Rc8 31. Qb1 Nxd4 32. Kh1 Ne2 33. Kh2 Qh4+
34. Bh3 Qf4+ 35. Kg2 Rc1 0-1

[Event "Paul Keres mem 46th"]
[Site "Richmond CAN"]
[Date "2022.05.22"]
[Round "3.1"]
[White "Orlov, Georgi"]
[Black "Jiang, Brandon"]
[Result "0-1"]
[WhiteElo "2506"]
[BlackElo "2159"]
[PlyCount "98"]
[EventDate "2022.05.21"]
[EventType "swiss"]
[EventRounds "6"]
[EventCountry "CAN"]

1. d4 f5 2. g3 Nf6 3. Bg2 e6 4. Nf3 Be7 5. c4 O-O 6. O-O d6 7. b4 Ne4 8. Bb2
Bf6 9. Nbd2 Qe7 10. Qb3 Nc6 11. e3 Nxd2 12. Nxd2 e5 13. b5 Nd8 14. c5+ Be6 15.
d5 Bd7 16. Rac1 Nf7 17. Ba3 Rfc8 18. c6 bxc6 19. dxc6 Be6 20. Bd5 Bxd5 21. Qxd5
g6 22. Bb2 Kg7 23. f3 h5 24. a4 h4 25. g4 Ng5 26. gxf5 gxf5 27. f4 exf4 28.
Bxf6+ Kxf6 29. Kh1 Qxe3 30. Rce1 Qc5 31. Qxc5 dxc5 32. Rxf4 Rd8 33. Nb3 Rd5 34.
Rc1 Ne4 35. Rxh4 c4 36. Na5 Rg8 37. Rf4 c3 38. Nc4 Ke6 39. Ne3 Rd2 40. Re1 Rf2
41. Rh4 c2 42. Rh6+ Ke5 43. Rh7 Re2 44. Re7+ Kd6 45. Nxf5+ Kd5 46. Rxe4 Rxe4
47. Rc1 Re2 48. h3 Rf8 49. Rxc2 Re1+ 0-1

[Event "Paul Keres mem 46th"]
[Site "Richmond CAN"]
[Date "2022.05.22"]
[Round "3.2"]
[White "Doknjas, Neil"]
[Black "Kolbus, Dietmar"]
[Result "1/2-1/2"]
[WhiteElo "2262"]
[BlackElo "2354"]
[PlyCount "99"]
[EventDate "2022.05.21"]
[EventType "swiss"]
[EventRounds "6"]
[EventCountry "CAN"]

1. e4 c5 2. Nf3 d6 3. d4 cxd4 4. Nxd4 Nf6 5. Nc3 a6 6. f3 e5 7. Nb3 Be6 8. Be3
Nbd7 9. Qd2 h5 10. Nd5 Nxd5 11. exd5 Bf5 12. Be2 Be7 13. O-O Nf6 14. Na5 Qc7
15. c4 O-O 16. Rfd1 Bd8 17. b4 Qc8 18. Nb3 b6 19. a4 a5 20. c5 bxc5 21. bxc5
dxc5 22. Rac1 Bb6 23. Nxc5 Qb8 24. Bb5 Qa7 25. Rc3 Rac8 26. Qf2 Rfd8 27. Ne4
Nxe4 28. fxe4 Bxe3 29. Qxe3 Qxe3+ 30. Rxe3 Bg4 31. Rdd3 Rc1+ 32. Kf2 Rdc8 33.
Bc6 Rc7 34. Rc3 Rd1 35. Bb5 Rd2+ 36. Kg3 Ra7 37. Red3 Rxd3+ 38. Rxd3 Kf8 39.
Rc3 Ke7 40. Kh4 f6 41. Rc6 g5+ 42. Kg3 Bd7 43. Rb6 Bc8 44. d6+ Kf7 45. Rc6 Bd7
46. Rc7 Rxc7 47. dxc7 Bc8 48. h4 Ke7 49. Be2 g4 50. Bb5 1/2-1/2

[Event "Paul Keres mem 46th"]
[Site "Richmond CAN"]
[Date "2022.05.22"]
[Round "3.3"]
[White "Yang, Jingyun (Ryan)"]
[Black "Nunez Asencio, Jorge"]
[Result "1/2-1/2"]
[WhiteElo "1951"]
[BlackElo "2266"]
[PlyCount "190"]
[EventDate "2022.05.21"]
[EventType "swiss"]
[EventRounds "6"]
[EventCountry "CAN"]

1. g3 d5 2. Bg2 Nf6 3. Nf3 c6 4. d4 Bf5 5. c4 e6 6. Nc3 Nbd7 7. Qb3 Qb6 8. c5
Qc7 9. Bf4 Qc8 10. Nh4 Be7 11. Nxf5 exf5 12. h4 O-O 13. Qc2 g6 14. e3 Re8 15.
Bf3 Nf8 16. Bg5 Ne6 17. Bxf6 Bxf6 18. Kf1 h5 19. Kg2 f4 20. gxf4 Ng7 21. Rag1
Nf5 22. Kf1 Kf8 23. Qd3 Nxh4 24. Bd1 Qe6 25. Ne2 Nf3 26. Rg3 Qe4 27. Qxe4 Nd2+
28. Ke1 Nxe4 29. Rgg1 h4 30. f3 Ng3 31. Nxg3 hxg3 32. Kd2 Re6 33. f5 gxf5 34.
f4 b6 35. b4 a5 36. cxb6 axb4 37. Bb3 Rb8 38. Rxg3 Rxb6 39. Rh5 Re8 40. Rxf5
Ke7 41. Rh5 Rbb8 42. Rg1 Rh8 43. Rxh8 Rxh8 44. Rc1 Rh2+ 45. Kd3 Kd7 46. Rc5 Be7
47. Ra5 Bh4 48. Ba4 Be1 49. Rxd5+ Kc7 50. Rc5 Rxa2 51. Bxc6 Kd6 52. Bd5 Rd2+
53. Ke4 f5+ 54. Kxf5 b3 55. Bxb3 Rd3 56. Bc4 Rxe3 57. Re5 Bd2 58. Be2 Rg3 59.
Re8 Re3 60. Re5 Rg3 61. Bc4 Rf3 62. Re6+ Kc7 63. Re4 Kd6 64. Kg4 Re3 65. Re5
Rc3 66. Re6+ Kd7 67. Re2 Be3 68. Be6+ Ke7 69. d5 Bc1 70. f5 Rc4+ 71. Kf3 Rc3+
72. Ke4 Rc4+ 73. Kd3 Rf4 74. Rc2 Ba3 75. Rc7+ Kd6 76. Ra7 Bc5 77. Rd7+ Ke5 78.
Kc3 Bb4+ 79. Kb3 Bd6 80. Rd8 Rb4+ 81. Kc3 Rf4 82. Rc8 Bb4+ 83. Kb3 Bd6 84. Rc6
Be7 85. Rc2 Bd6 86. Re2+ Kd4 87. Rc2 Ke5 88. Kc3 Kf6 89. Kd3 Ke5 90. Rc6 Rd4+
91. Ke3 Re4+ 92. Kf3 Rf4+ 93. Kg3 Rxf5 94. Bxf5 Kxd5+ 95. Rxd6+ Kxd6 1/2-1/2

[Event "Paul Keres mem 46th"]
[Site "Richmond CAN"]
[Date "2022.05.22"]
[Round "3.4"]
[White "Kaufman, Raymond"]
[Black "Roback, Joe"]
[Result "1-0"]
[WhiteElo "2376"]
[BlackElo "2044"]
[PlyCount "67"]
[EventDate "2022.05.21"]
[EventType "swiss"]
[EventRounds "6"]
[EventCountry "CAN"]

1. e4 c5 2. Nf3 e6 3. d4 cxd4 4. Nxd4 Nc6 5. Nc3 Qc7 6. Be3 Nf6 7. Ndb5 Qb8 8.
f4 Bb4 9. a3 Bxc3+ 10. Nxc3 d6 11. Qf3 a6 12. g4 Qc7 13. O-O-O O-O 14. g5 Nd7
15. h4 b5 16. Bxb5 axb5 17. Nxb5 Qb8 18. Nxd6 Nb6 19. e5 Nd5 20. Bf2 Ra4 21. c4
Nde7 22. Rd3 Qa8 23. Rc3 Bb7 24. Rd1 Rb8 25. Qh5 g6 26. Qh6 Nf5 27. Nxf5 exf5
28. e6 Rf8 29. Rd7 Qb8 30. exf7+ Kh8 31. Rxb7 Qxf4+ 32. Kb1 Raa8 33. Bc5 Qe4+
34. Ka2 1-0

[Event "Paul Keres mem 46th"]
[Site "Richmond CAN"]
[Date "2022.05.22"]
[Round "3.5"]
[White "Mackinnon, Keith"]
[Black "Windram, James"]
[Result "1/2-1/2"]
[WhiteElo "2287"]
[BlackElo "2072"]
[PlyCount "51"]
[EventDate "2022.05.21"]
[EventType "swiss"]
[EventRounds "6"]
[EventCountry "CAN"]

1. e4 c5 2. Nf3 d6 3. Bb5+ Nd7 4. d4 cxd4 5. Qxd4 a6 6. Bxd7+ Bxd7 7. c4 e5 8.
Qd3 b5 9. Nc3 bxc4 10. Qxc4 Be6 11. Qc6+ Bd7 12. Qc4 Be6 13. Qd3 h6 14. O-O Nf6
15. b3 Be7 16. Bb2 O-O 17. Nd2 Qc7 18. Rac1 Qb7 19. Nc4 Rfd8 20. Rfd1 a5 21.
Qe2 a4 22. Nxa4 Nxe4 23. Qf3 Bxc4 24. Rxc4 d5 25. Rc2 f6 26. Qf5 1/2-1/2

[Event "Paul Keres mem 46th"]
[Site "Richmond CAN"]
[Date "2022.05.22"]
[Round "3.6"]
[White "Schulte, Oliver"]
[Black "Huang, Patrick"]
[Result "1-0"]
[WhiteElo "2392"]
[BlackElo "2221"]
[PlyCount "99"]
[EventDate "2022.05.21"]
[EventType "swiss"]
[EventRounds "6"]
[EventCountry "CAN"]

1. e4 g6 2. d4 Bg7 3. Nc3 d6 4. g3 Nd7 5. Bg2 c6 6. Nge2 e5 7. O-O Ngf6 8. a4
a5 9. h3 O-O 10. Be3 Re8 11. g4 Qe7 12. Qd2 exd4 13. Bxd4 Nc5 14. Ng3 Be6 15.
Rad1 Rad8 16. Rfe1 d5 17. exd5 cxd5 18. Qe3 Nce4 19. g5 Nh5 20. Nxh5 Bxd4 21.
Rxd4 gxh5 22. Bxe4 dxe4 23. Nxe4 Rxd4 24. Nf6+ Kf8 25. Qxd4 Rd8 26. Nxh7+ Kg8
27. Nf6+ Kf8 28. Qe5 Qb4 29. Re4 Qd6 30. Qxd6+ Rxd6 31. h4 Rd2 32. b4 Rxc2 33.
bxa5 Rc5 34. Nxh5 Rxa5 35. Nf6 b5 36. axb5 Rxb5 37. Kh2 Kg7 38. Kg3 Kg6 39. Re3
Rb1 40. Re5 Rh1 41. h5+ Kg7 42. Rb5 Kf8 43. h6 Rg1+ 44. Kf4 Rg2 45. f3 Rh2 46.
Rb8+ Ke7 47. h7 Rh4+ 48. Ke5 Bc8 49. Rxc8 Re4+ 50. Nxe4 1-0

[Event "Paul Keres mem 46th"]
[Site "Richmond CAN"]
[Date "2022.05.22"]
[Round "3.7"]
[White "Song, Ethan"]
[Black "Moura, Eduardo"]
[Result "1/2-1/2"]
[WhiteElo "2012"]
[BlackElo "2205"]
[PlyCount "91"]
[EventDate "2022.05.21"]
[EventType "swiss"]
[EventRounds "6"]
[EventCountry "CAN"]

1. e4 c5 2. Nf3 g6 3. d4 cxd4 4. Nxd4 Bg7 5. Nc3 Nc6 6. Be3 Nf6 7. f3 O-O 8.
Bc4 Qb6 9. Bb3 Nxe4 10. Nxe4 Bxd4 11. Bh6 Rd8 12. c3 Be3 13. Ng5 d5 14. Qe2 f6
15. Nf7 Bxh6 16. Nxh6+ Kg7 17. Qd2 Na5 18. O-O-O Qxb3 19. Qe2 Qb6 20. Qxe7+
Kxh6 21. Rd4 Qxd4 22. cxd4 Bf5 23. g4 Rac8+ 24. Kd1 Rd7 25. Qe3+ Kg7 26. gxf5
Nc4 27. Qe2 Nd6 28. Qe6 Rcc7 29. Rg1 Nc4 30. fxg6 hxg6 31. b3 Re7 32. Rxg6+
Kxg6 33. Qg8+ Rg7 34. Qe8+ Kf5 35. bxc4 Rxc4 36. Qh5+ Ke6 37. Qe8+ Kf5 38. Qh5+
Ke6 39. Qh3+ Kd6 40. Qh4 Ke6 41. Kd2 Rg2+ 42. Ke3 Rxa2 43. Qg4+ Kd6 44. Qf4+
Ke6 45. Qg4+ Kd6 46. Qf4+ 1/2-1/2

[Event "Paul Keres mem 46th"]
[Site "Richmond CAN"]
[Date "2022.05.22"]
[Round "3.8"]
[White "Su, Ethan"]
[Black "Gornall, Kirk"]
[Result "1/2-1/2"]
[WhiteElo "1939"]
[BlackElo "2164"]
[PlyCount "80"]
[EventDate "2022.05.21"]
[EventType "swiss"]
[EventRounds "6"]
[EventCountry "CAN"]

1. d4 f5 2. Nf3 e6 3. g3 Nf6 4. Bg2 Be7 5. O-O O-O 6. c4 d6 7. Nc3 Ne4 8. Qc2
Nxc3 9. Qxc3 a5 10. b3 Nc6 11. Bb2 Bf6 12. Qc2 e5 13. dxe5 dxe5 14. e4 f4 15.
Rad1 Qe8 16. Qd2 g5 17. h3 Be6 18. g4 a4 19. Bc3 axb3 20. axb3 Qe7 21. Qb2 Qa3
22. Ra1 Qxb2 23. Bxb2 Rfd8 24. Rxa8 Rxa8 25. Ra1 Rxa1+ 26. Bxa1 Na5 27. Nd2 c5
28. Bc3 Nc6 29. f3 Kf7 30. Kf2 Ke7 31. Bf1 Kd6 32. Ke2 Nd4+ 33. Bxd4 exd4 34.
Kd3 Be5 35. Kc2 Kc6 36. Bd3 Kb6 37. Kb2 Ka5 38. Nb1 Bf7 39. Na3 h5 40. Nc2 h4
1/2-1/2

[Event "Paul Keres mem 46th"]
[Site "Richmond CAN"]
[Date "2022.05.22"]
[Round "3.9"]
[White "Wang, Alex Jiale"]
[Black "Albitar, Hani"]
[Result "0-1"]
[WhiteElo "1876"]
[BlackElo "2192"]
[PlyCount "82"]
[EventDate "2022.05.21"]
[EventType "swiss"]
[EventRounds "6"]
[EventCountry "CAN"]

1. b3 e5 2. Bb2 Nc6 3. e3 d5 4. d4 exd4 5. exd4 Nf6 6. Nf3 Bd6 7. Be2 O-O 8.
O-O Re8 9. c4 Bf5 10. Nc3 Bf4 11. Re1 Nb4 12. Rc1 Bxc1 13. Bxc1 Ne4 14. Na4
Nxa2 15. Bb2 Nb4 16. g3 Bg4 17. Qb1 Bxf3 18. Bxf3 Nd2 19. Rxe8+ Qxe8 20. Qd1
Nxf3+ 21. Qxf3 Qe1+ 22. Kg2 Qe4 23. Bc3 Na2 24. Qxe4 dxe4 25. Bd2 f5 26. Nc5 b6
27. Ne6 c6 28. f3 a5 29. fxe4 fxe4 30. Bf4 Nb4 31. Ng5 b5 32. Nxe4 a4 33. bxa4
bxa4 34. Bd6 Nc2 35. Be5 Ne3+ 36. Kf3 Nxc4 37. Nc3 Nxe5+ 38. dxe5 a3 39. Na2
Kf7 40. Ke4 Ke6 41. Kd4 Rb8 0-1

[Event "Paul Keres mem 46th"]
[Site "Richmond CAN"]
[Date "2022.05.22"]
[Round "3.10"]
[White "Cardenas, Nicholas"]
[Black "Wang, Jerry"]
[Result "1/2-1/2"]
[WhiteElo "2135"]
[BlackElo "1948"]
[PlyCount "117"]
[EventDate "2022.05.21"]
[EventType "swiss"]
[EventRounds "6"]
[EventCountry "CAN"]

1. d4 Nf6 2. c4 e6 3. g3 d5 4. Nf3 Be7 5. Bg2 c5 6. cxd5 exd5 7. dxc5 Bxc5 8.
O-O O-O 9. a3 h6 10. b4 Bb6 11. Bb2 Be6 12. Nc3 Nc6 13. Rc1 Ne4 14. Na4 Bc7 15.
Nc5 Nxc5 16. Rxc5 Bd6 17. Rc1 Be7 18. Nd4 Nxd4 19. Bxd4 a5 20. Qb3 axb4 21.
axb4 Qd7 22. Qb2 f6 23. b5 Ba3 24. Qb3 Bxc1 25. Rxc1 Rfc8 26. Rd1 Ra5 27. b6
Qa4 28. Qxa4 Rxa4 29. e3 Rac4 30. Kf1 Rc2 31. Ke1 Kf8 32. h3 Ke7 33. e4 Kd6 34.
exd5 Bf7 35. Be3 g5 36. g4 Ra2 37. Bd4 Rcc2 38. Kf1 Bg6 39. Kg1 f5 40. gxf5
Bxf5 41. Be3 Ra4 42. Rd4 Rxd4 43. Bxd4 Rc4 44. Bg7 h5 45. Bf8+ Kd7 46. Bh6 g4
47. hxg4 hxg4 48. Be3 Be4 49. Bf1 Rb4 50. Be2 Bxd5 51. Kh2 Kc6 52. Kg3 Be6 53.
Bd1 Bc8 54. Be2 Kd5 55. Bd1 Rb1 56. Bc2 Rg1+ 57. Kf4 Ra1 58. Bb3+ Kc6 59. Bc2
1/2-1/2

[Event "Paul Keres mem 46th"]
[Site "Richmond CAN"]
[Date "2022.05.22"]
[Round "4.1"]
[White "Nunez Asencio, Jorge"]
[Black "Kaufman, Raymond"]
[Result "1/2-1/2"]
[WhiteElo "2266"]
[BlackElo "2376"]
[PlyCount "60"]
[EventDate "2022.05.21"]
[EventType "swiss"]
[EventRounds "6"]
[EventCountry "CAN"]

1. d4 Nf6 2. Nf3 d5 3. c4 e6 4. Nc3 Bb4 5. Qa4+ Nc6 6. e3 O-O 7. Bd2 Bd7 8. Qc2
dxc4 9. Bxc4 Bd6 10. Rd1 Qe7 11. Ng5 h6 12. Nge4 Nxe4 13. Nxe4 e5 14. Nxd6 cxd6
15. dxe5 dxe5 16. Qb3 Bg4 17. f3 Bh5 18. Bd5 Rfd8 19. O-O Rd6 20. Bb4 Nxb4 21.
Qxb4 Rd7 22. Qxe7 Rxe7 23. Rc1 Kf8 24. Rc5 f6 25. Rfc1 Bf7 26. e4 Rd8 27. Rc8
Rxc8 28. Rxc8+ Re8 29. Rc7 Re7 30. Rc8+ Re8 1/2-1/2

[Event "Paul Keres mem 46th"]
[Site "Richmond CAN"]
[Date "2022.05.22"]
[Round "4.2"]
[White "Kolbus, Dietmar"]
[Black "Yang, Jingyun (Ryan)"]
[Result "1-0"]
[WhiteElo "2354"]
[BlackElo "1951"]
[PlyCount "113"]
[EventDate "2022.05.21"]
[EventType "swiss"]
[EventRounds "6"]
[EventCountry "CAN"]

1. c4 Nf6 2. Nc3 c6 3. e4 e5 4. Nf3 d6 5. d4 exd4 6. Qxd4 Be7 7. Bf4 O-O 8.
O-O-O Re8 9. h3 Na6 10. Bxd6 Bxd6 11. Qxd6 Qxd6 12. Rxd6 Nc5 13. Bd3 Nxd3+ 14.
Rxd3 Nxe4 15. Nxe4 Bf5 16. Nc5 Bxd3 17. Nxd3 Re4 18. b3 Re2 19. a4 Rd8 20. Re1
Rxe1+ 21. Nfxe1 f6 22. Kd2 Kf7 23. Nc2 g5 24. Ne3 h5 25. Kc3 Kg6 26. g4 hxg4
27. hxg4 Rd6 28. Nc5 b6 29. Ne4 Rd8 30. b4 Rd7 31. c5 Re7 32. Nd6 bxc5 33. bxc5
Rh7 34. Kb4 Rh2 35. Ne4 Rh1 36. Ka5 Ra1 37. Nf5 Re1 38. f3 Kf7 39. Nd4 Re3 40.
Ka6 Ra3 41. a5 Kg6 42. Nd2 Rd3 43. N2b3 f5 44. gxf5+ Kf6 45. Kxa7 Ke5 46. Kb6
g4 47. fxg4 Rh3 48. a6 Kd5 49. a7 Rh8 50. Nxc6 Re8 51. Nbd4 Rg8 52. Ne6 Rxg4
53. a8=Q Ra4 54. Ne7+ Ke5 55. Qxa4 Kf6 56. Qh4+ Ke5 57. Qd4# 1-0

[Event "Paul Keres mem 46th"]
[Site "Richmond CAN"]
[Date "2022.05.22"]
[Round "4.3"]
[White "Moura, Eduardo"]
[Black "Doknjas, Neil"]
[Result "1/2-1/2"]
[WhiteElo "2205"]
[BlackElo "2262"]
[PlyCount "98"]
[EventDate "2022.05.21"]
[EventType "swiss"]
[EventRounds "6"]
[EventCountry "CAN"]

1. e4 c5 2. c3 Nf6 3. e5 Nd5 4. d4 cxd4 5. Nf3 Nc6 6. cxd4 d6 7. Bc4 Nb6 8. Bb5
dxe5 9. Nxe5 Bd7 10. Nxd7 Qxd7 11. O-O e6 12. Nc3 Be7 13. Qg4 O-O 14. Rd1 f5
15. Qf3 a6 16. Bxc6 Qxc6 17. Qxc6 bxc6 18. Bf4 Nd7 19. Rac1 g5 20. Bc7 Rfc8 21.
Ba5 Rab8 22. b3 c5 23. dxc5 Nxc5 24. Ne2 Bf6 25. Bc3 Bxc3 26. Nxc3 Rd8 27.
Rxd8+ Rxd8 28. b4 Nd7 29. Na4 Rb8 30. a3 a5 31. bxa5 Rb5 32. Nb6 Nxb6 33. axb6
Rxb6 34. a4 Ra6 35. Ra1 Kf7 36. f3 e5 37. Kf2 Ke6 38. Ke3 f4+ 39. Kd3 Kd5 40.
a5 h5 41. h3 g4 42. hxg4 hxg4 43. Ra4 gxf3 44. gxf3 Kc5 45. Ke4 Kd6 46. Ra2 Ke6
47. Ra3 Kd6 48. Ra4 Ke6 49. Ra2 Kd6 1/2-1/2

[Event "Paul Keres mem 46th"]
[Site "Richmond CAN"]
[Date "2022.05.22"]
[Round "4.4"]
[White "Windram, James"]
[Black "Orlov, Georgi"]
[Result "0-1"]
[WhiteElo "2072"]
[BlackElo "2506"]
[PlyCount "242"]
[EventDate "2022.05.21"]
[EventType "swiss"]
[EventRounds "6"]
[EventCountry "CAN"]

1. e4 c5 2. Nf3 e6 3. d4 cxd4 4. Nxd4 Qb6 5. Nb3 Nc6 6. Be3 Qc7 7. Nc3 Nf6 8.
Bd3 Ne5 9. h3 a6 10. f4 Nc4 11. Bxc4 Qxc4 12. e5 Ne4 13. Nxe4 Qxe4 14. Qd2 d6
15. O-O-O d5 16. Bd4 Bd7 17. Rhe1 Qg6 18. Nc5 Bxc5 19. Bxc5 Rc8 20. Ba3 Bb5 21.
g4 h5 22. f5 exf5 23. Qb4 Qg5+ 24. Kb1 hxg4 25. e6 fxe6 26. Qd6 Rc6 27. Rxe6+
Kf7 28. Re7+ Kg8 29. Qxd5+ Kh7 30. hxg4 Qxg4 31. Rh1+ Rh6 32. b3 Bc6 33. Rxh6+
Kxh6 34. Qd6+ Kh7 35. Bb2 Qg1+ 36. Bc1 Rf8 37. Rc7 Re8 38. Qh6+ Kg8 39. Qh5 Rf8
40. Qe2 Be4 41. Qc4+ Kh8 42. Qe6 Qd4 43. Qe7 Qf6 44. Qc5 Rd8 45. Qg1 Qd4 46.
Qxd4 Rxd4 47. Rxg7 Rd1 48. Re7 Re1 49. Kb2 Re2 50. Rc7 Kg8 51. Bh6 Rf2 52. Be3
Rf3 53. Bh6 Rh3 54. Bg5 Rg3 55. Bh6 Rg4 56. Re7 Bc6 57. Re5 Kh7 58. Bc1 f4 59.
Rf5 f3 60. Be3 Rg2 61. Rf4 Re2 62. Bb6 Kg6 63. a4 Kg5 64. Rf8 Be4 65. b4 Rxc2+
66. Kb3 Re2 67. b5 Bf5 68. bxa6 bxa6 69. Ra8 Re6 70. Bc5 Kf4 71. Rf8 Ke4 72.
Ba7 Re7 73. Bg1 Rb7+ 74. Kc3 Rb1 75. Ba7 Rf1 76. Rf6 Bc8 77. Rf7 Rc1+ 78. Kd2
Ra1 79. Re7+ Kd5 80. Rf7 Ke4 81. Re7+ Kf5 82. Rc7 Be6 83. Ke3 Ra3+ 84. Kf2 Bd5
85. Rd7 Ra2+ 86. Ke3 Ke6 87. Rd8 Rxa4 88. Rf8 Ra2 89. Kd3 a5 90. Bd4 a4 91.
Rf6+ Ke7 92. Rf5 Bc6 93. Rc5 Kd7 94. Rc1 Re2 95. Kc3 Re4 96. Rd1 Ke6 97. Rf1
Re2 98. Kb4 Kd5 99. Bf2 Rb2+ 100. Kc3 Rb3+ 101. Kc2 Kc4 102. Rc1 Kb5 103. Kd2
Be4 104. Re1 Rb2+ 105. Ke3 Bd5 106. Bg3 a3 107. Be5 Rb3+ 108. Kf2 a2 109. Rd1
Bc6 110. Ra1 Ra3 111. Rc1 Bd5 112. Rd1 Kc6 113. Rc1+ Kd7 114. Rd1 Ke6 115. Re1
Kf5 116. Bd4 Be4 117. Kg3 Rd3 118. Bh8 Rd2 119. Ba1 Rg2+ 120. Kh3 Kf4 121. Bd4
Bf5+ 0-1

[Event "Paul Keres mem 46th"]
[Site "Richmond CAN"]
[Date "2022.05.22"]
[Round "4.5"]
[White "Guo, Veronica (Yu Han)"]
[Black "Mackinnon, Keith"]
[Result "0-1"]
[WhiteElo "1955"]
[BlackElo "2287"]
[PlyCount "86"]
[EventDate "2022.05.21"]
[EventType "swiss"]
[EventRounds "6"]
[EventCountry "CAN"]

1. d4 Nf6 2. c4 e6 3. Nc3 Bb4 4. e3 O-O 5. Nge2 d5 6. a3 Be7 7. cxd5 exd5 8.
Nf4 a5 9. Bd3 c6 10. O-O Na6 11. f3 Nc7 12. Qc2 c5 13. dxc5 Bxc5 14. Nb5 Bb6
15. Bd2 Nxb5 16. Bxb5 Bd7 17. Bxd7 Qxd7 18. Qd3 Rfe8 19. Rfe1 Qd6 20. Kh1 Rad8
21. Rad1 d4 22. e4 Bc7 23. g3 g5 24. Ne2 h6 25. Bc1 Bb6 26. Nc3 Qc6 27. Nb1 Nd7
28. b3 Ne5 29. Qf1 Qc2 30. f4 Ng4 31. Rd2 Qc6 32. Qf3 f5 33. Bb2 Rxe4 34. Rxe4
Qxe4 35. Qxe4 fxe4 36. h3 e3 37. hxg4 exd2 38. Nxd2 Re8 39. Nc4 Re2 40. f5 d3
41. Bc3 Rc2 42. Bd2 a4 43. b4 Rxc4 0-1

[Event "Paul Keres mem 46th"]
[Site "Richmond CAN"]
[Date "2022.05.22"]
[Round "4.6"]
[White "Albitar, Hani"]
[Black "Yang, Brian"]
[Result "1-0"]
[WhiteElo "2192"]
[BlackElo "2080"]
[PlyCount "47"]
[EventDate "2022.05.21"]
[EventType "swiss"]
[EventRounds "6"]
[EventCountry "CAN"]

1. d4 Nf6 2. c4 e6 3. Nc3 Bb4 4. e3 O-O 5. Bd2 b6 6. Nf3 d5 7. cxd5 exd5 8. Rc1
a6 9. Bd3 Bb7 10. O-O Bd6 11. Ne5 c5 12. Bb1 Nc6 13. Ng4 Re8 14. Nxf6+ Qxf6 15.
Qh5 g6 16. Nxd5 Qd8 17. Qf3 Nxd4 18. Nf6+ Kh8 19. Qxb7 Ne2+ 20. Kh1 Qxf6 21.
Rce1 Qh4 22. g3 Qh5 23. Qg2 f5 24. Bd3 1-0

[Event "Paul Keres mem 46th"]
[Site "Richmond CAN"]
[Date "2022.05.22"]
[Round "4.7"]
[White "Gornall, Kirk"]
[Black "Song, Ethan"]
[Result "1/2-1/2"]
[WhiteElo "2164"]
[BlackElo "2012"]
[PlyCount "70"]
[EventDate "2022.05.21"]
[EventType "swiss"]
[EventRounds "6"]
[EventCountry "CAN"]

1. d4 Nf6 2. Nc3 d5 3. Bf4 Bf5 4. e3 e6 5. Nf3 Bd6 6. Ne5 Ne4 7. Nxe4 Bxe4 8.
f3 Bg6 9. h4 f6 10. Nxg6 hxg6 11. Qd3 Kf7 12. O-O-O Bxf4 13. exf4 Qd6 14. Qe3
Nd7 15. Bd3 Rac8 16. g4 c5 17. h5 gxh5 18. gxh5 cxd4 19. Qxd4 Qb6 20. Bg6+ Ke7
21. f5 Qxd4 22. Rxd4 Nf8 23. Rhd1 Nxg6 24. hxg6 Rh5 25. fxe6 Kxe6 26. f4 b5 27.
b3 Rh2 28. R1d2 Rxd2 29. Kxd2 a5 30. c3 Ra8 31. a4 Rb8 32. Kd3 bxa4 33. Rxa4
Rxb3 34. Rxa5 Rb7 35. Kd4 Rd7 1/2-1/2